Spreadsheet tools for engineers using Excel
This book consists of the following many chapters includes: Engineering analysis and spreadsheets, creating an excel worksheet, editing an excel worksheet, graphing data, organizing data, transferring data, engineering applications, converting units, analyzing data statistically, fitting equations t...
Na minha lista:
| Autor principal: | |
|---|---|
| Formato: | Livro |
| Idioma: | Undetermined |
| Publicado em: |
Boston, MA.
McGraw-Hill
2007
|
| Assuntos: | |
| Tags: |
Adicionar Tag
Sem tags, seja o primeiro a adicionar uma tag!
|
| Thư viện lưu trữ: | Trung tâm Học liệu Trường Đại học Cần Thơ |
|---|
| LEADER | 00958nam a2200217Ia 4500 | ||
|---|---|---|---|
| 001 | CTU_113050 | ||
| 008 | 210402s9999 xx 000 0 und d | ||
| 020 | |c 1038000 | ||
| 082 | |a 620.00285563 | ||
| 082 | |b G685 | ||
| 100 | |a Gottfried, Byron S. | ||
| 245 | 0 | |a Spreadsheet tools for engineers using Excel | |
| 245 | 0 | |c Byron S. Gottfried | |
| 260 | |a Boston, MA. | ||
| 260 | |b McGraw-Hill | ||
| 260 | |c 2007 | ||
| 520 | |a This book consists of the following many chapters includes: Engineering analysis and spreadsheets, creating an excel worksheet, editing an excel worksheet, graphing data, organizing data, transferring data, engineering applications, converting units, analyzing data statistically, fitting equations to data, solving single equations... | ||
| 650 | |a Engineering,Microsoft excel ( computer file ),Electronic spreadsheets | ||
| 650 | |x Data processing | ||
| 904 | |i Minh | ||
| 980 | |a Trung tâm Học liệu Trường Đại học Cần Thơ | ||